000 00608nam a2200241 i 4500
001 C2-0270073
003 PPAK
005 20180728000540.0
008 060809s2004 enk |||| ||||| | eng d
020 _a074726693X
040 _aPPAK
_beng
_cPPAK
_erda
082 0 4 _a823
_223
090 0 0 _a823
_bPAT
_dG
100 1 _aPatterson, James,
_eauthor
245 1 0 _a2nd chance
264 1 _aLondon :
_bHeadline Book ,
_c2004
300 _a434 pages ;
_c18 cm
336 _2rdacontent
_atext
337 _2rdamedia
_aunmediated
338 _2rdacarrier
_avolume
650 1 0 _aEnglish fiction
942 _ddc
_cB
999 _c78648
_d78648